000 00687nam a2200181 a 4500
001 9409
003 CO-ViMGA
008 141112s2004 ck r 000 u spa d
040 _aCO-ViMGA
_bspa
_cCO-ViMGA
082 0 4 _a370.11 G983
100 1 _aGutierrez Sanmartín ; Melchor,
_910255
245 1 0 _aValores sociales y Deportes :
_bLa Actividad Física y el Deporte como transmisores de Valores Sociales y Personales
260 _aMadrid :
_bGymnos Editorial,
_c1995
300 _a267p.
490 _aColección Monografias sobre Ciencia de la actividad fisica y el Deporte.
650 1 4 _aVALORES SOCIALES, ACTIVIDAD FISICA, ética DEPORTIVA, educación FISICA.
_910256
942 _2ddc
_cBK
999 _c20929
_d20929